000 00438nam a2200181Ia 4500
003 GCL
008 140319s9999 xx 000 0 eng d
040 _aGCL /
_cGCL
082 0 4 _aCH
_b636.0887
_bC H
100 1 _aCRAIG, DIANA
245 1 0 _aHOW TO DRAW AND PAINT PETS /
_cCRAIG, DIANA
260 _a[S.N] :
_bAPPLE PRESS ،
_c1991
300 _a93 P
650 0 4 _aDRAWING
650 0 4 _aPAINTING
650 0 4 _aPETS
942 _2ddc
_cBK
999 _c25629
_d25629